|
|
|
|
| LEADER |
00775nta a2200205 i 4500 |
| 001 |
dipl129127 |
| 005 |
20220829142057.0 |
| 008 |
220829s2014 hu om 0|| hun d |
| 040 |
|
|
|a SZTE Diploma Repozitórium
|b hun
|
| 041 |
|
|
|a hun
|
| 100 |
1 |
|
|a Tóth Fruzsina
|
| 245 |
1 |
0 |
|a Minősített adatok kezelése és vizsgálata a büntetőeljárásban
|h [elektronikus dokumentum] /
|c Fruzsina Tóth
|
| 246 |
1 |
0 |
|a Processing of classified data in criminal procedures
|h [elektronikus dokumentum]
|
| 260 |
|
|
|c 2014
|
| 650 |
|
4 |
|a Jogi és igazgatási tanulmányok
|
| 650 |
|
4 |
|a Social sciences
|
| 650 |
|
4 |
|a Law
|
| 650 |
|
4 |
|a Law, criminology, penology
|
| 700 |
1 |
|
|a Harangozó Attila
|e ths
|
| 856 |
4 |
0 |
|u https://diploma.bibl.u-szeged.hu/id/eprint/129127/1/2014_toth_fruzsina.pdf
|z Dokumentum-elérés
|